1663 1558 1672 1348 1236 1462 1832 1181 1131 1040 1049 1179 1781 1216 1795 1305 1467 1490 1546 1995 1725 1928 1678 1036 1604 1665 1187 1336 1376 1180 1751 1630 1349 1357 1959 1676 1810 1239 1712 1298 1353 1969 1808 1508 1857 1355 1174 1827 1104 1418 1537 1747 1697 1835 1262 1725 1097 1155 1998 1089 1352 1463 1430 1050 1473 1598 1562 1356 1330 1668 1324 1207 1085 1326 1026 1938 1860 1907 1689 1824 1425 1171 1766 1245 1718 1689 1305 1463 1259 1474 1203 1666 1812 1353 1530 1662 1599 1942 1360 BCNSPRNW ULIB Ver.6.0+V

เปลี่ยนเป็นภาษาไทย

Change to English
 แสดงรายละเอียดบรรณานุกรม
  กลับหน้าหลัก

Brief Record : Get Marc (ISO 2709) : E-mail record : QR code < ปิดหน้าต่าง
LEADER : 00000nam 2200000uu 4500
001    13399120832
003     ULIB
008    121018s2553||||th 000 0 tha d
020    ^a9786167005102
050  4 ^aBQ4190^bร243ธ ล.2 2553
100 1  ^aระพี สาคริก
245 10 ^aธรรมะธรรมชาติ เล่ม 2/^cระพี สาคริก
250    ^aพิมพ์ครั้งที่ 1
260    ^aกรุงเทพฯ :^bไบรท์,^c2553
300    ^a175 หน้า
650  7 ^aธรรมชาติ
650  7 ^aธรรมะกับชีวิต
650  7 ^aความสุข
945    ^p99^l0^i17684
945    ^p99^l0^i17683
995    ^aกัณชพร
999 ^a ใช้งานได้ทุกระบบ
รายการนี้ยังไม่มีแท็ก
คุณยังไม่ได้ล็อกอิน คุณสามารถมีกิจกรรมร่วมกับเว็บไซต์ได้ แต่ต้องล็อกอินก่อน ::
  ล็อกอิน

รายการสื่อสารสนเทศ

ลำดับที่ ประเภท เลขเรียก/บาร์โค้ด สถานที่ สถานะ
1. วิทยาศาสตร์การแพทย์ และสุขภาพ
วิทยาศาสตร์การแพทย์ และสุขภาพ
BQ4190 ร243ธ ล.2 2553  
  Barcode: 17684
ห้องสมุดวิทยาเขตสวรรค์ประชารักษ์
►หนังสือทั่วไป
บนชั้น
2. วิทยาศาสตร์การแพทย์ และสุขภาพ
วิทยาศาสตร์การแพทย์ และสุขภาพ
BQ4190 ร243ธ ล.2 2553 ฉ.2 
  Barcode: 17683
ห้องสมุดวิทยาเขตสวรรค์ประชารักษ์
►หนังสือทั่วไป
บนชั้น

รายการใกล้เคียง
    ผู้แต่ง [ระพี สาคริก]

    หัวเรื่อง [ธรรมชาติ]
    หัวเรื่อง [ธรรมะกับชีวิต]
    หัวเรื่อง [ความสุข]

BibComment


ยังไม่เคยถูกคอมเมนท์

คอมเมนท์ทรัพยากรรายการนี้
  คอมเมนท์: ธรรมะธรรมชาติ เล..


 Copyright 2026. Bcnsprnw @Library